LEADER 03620nam 22006015 450 001 9910459481203321 005 20210114095141.0 010 $a1-283-27735-2 010 $a9786613277350 010 $a0-520-94775-4 024 7 $a10.1525/9780520947757 035 $a(CKB)2670000000059095 035 $a(EBL)622187 035 $a(OCoLC)697174387 035 $a(SSID)ssj0000467276 035 $a(PQKBManifestationID)11293098 035 $a(PQKBTitleCode)TC0000467276 035 $a(PQKBWorkID)10490097 035 $a(PQKB)10265351 035 $a(DE-B1597)520500 035 $a(OCoLC)1016604345 035 $a(DE-B1597)9780520947757 035 $a(MiAaPQ)EBC622187 035 $a(EXLCZ)992670000000059095 100 $a20200424h20102010 fg 101 0 $aeng 135 $aur||#|||||||| 181 $ctxt 182 $cc 183 $acr 200 10$aBiography of an Empire $eGoverning Ottomans in an Age of Revolution /$fChristine M. Philliou 210 1$aBerkeley, CA :$cUniversity of California Press,$d[2010] 210 4$dİ2010 215 $a1 online resource (318 p.) 300 $aDescription based upon print version of record. 311 $a0-520-26633-1 327 $tFront matter --$tContents --$tIllustrations --$tNote on Transliteration --$tPreface: The View from the Edge of the Center --$tStephanos Vogorides' Apologia, November 1852 --$t1. The Houses of Phanar --$t2. Volatile Synthesis --$t3. Demolitions --$t4. Phanariot Remodeling and the Struggle for Continuity --$t5. Diplomacy and the Restoration of a New Order --$t6. In the Eye of the Storm --$tAppendix A: Genealogies of the Vogorides, Musurus, and Aristarchi Families --$tAppendix B: Phanariot Dignitaries in the Four High Offices of Dragoman (Grand Dragoman; Dragoman of the Fleet) and Voyvoda (of Wallachia and Moldavia), 1661-1821 --$tNotes --$tBibliography --$tAcknowledgments --$tIndex 330 $aThis vividly detailed revisionist history opens a new vista on the great Ottoman Empire in the early nineteenth century, a key period often seen as the eve of Tanzimat westernizing reforms and the beginning of three distinct histories-ethnic nationalism in the Balkans, imperial modernization from Istanbul, and European colonialism in the Middle East. Christine Philliou brilliantly shines a new light on imperial crisis and change in the 1820's and 1830's by unearthing the life of one man. Stephanos Vogorides (1780-1859) was part of a network of Christian elites known phanariots, institutionally excluded from power yet intimately bound up with Ottoman governance. By tracing the contours of the wide-ranging networks-crossing ethnic, religious, and institutional boundaries-in which the phanariots moved, Philliou provides a unique view of Ottoman power and, ultimately, of the Ottoman legacies in the Middle East and Balkans today. What emerges is a wide-angled analysis of governance as a lived experience at a moment in which there was no clear blueprint for power. 606 $aTurkey --History --Tanzimat, 1839-1876 606 $aVogorides, Stephanos, --1780-1859 606 $aPhanariots$xHistory$y19th century$zTurkey 608 $aElectronic books. 615 4$aTurkey --History --Tanzimat, 1839-1876. 615 4$aVogorides, Stephanos, --1780-1859. 615 0$aPhanariots$xHistory 676 $a956/.015 700 $aPhilliou$b Christine M.$4aut$4http://id.loc.gov/vocabulary/relators/aut$0792099 801 0$bDE-B1597 801 1$bDE-B1597 906 $aBOOK 912 $a9910459481203321 996 $aBiography of an empire$91771133 997 $aUNINA LEADER 01475nam 2200385Ia 450 001 996395933203316 005 20221108082010.0 035 $a(CKB)4330000000325368 035 $a(EEBO)2240876634 035 $a(OCoLC)19356321 035 $a(EXLCZ)994330000000325368 100 $a19890314d1674 uy | 101 0 $aeng 135 $aurbn||||a|bb| 200 14$aThe Burning bush not consumed$b[electronic resource] $ewherein, either under all deep sense of wrath, or hardness of heart, one may judge whether he be the child of God or not, &c. : chiefly receiving full satisfaction concerning the sin against the Holy Ghost : perused by I.D. and divers other divines 210 $aEdinburgh $cPrinted by Andrew Anderson ... for James Galt, James Brown, George Brown, Robert Stewart and John Reid ...$d1674 215 $a[12], 103, [5] p 300 $aAttributed to Hart by Wing. 300 $aImperfect: tightly bound, with some loss of print. 300 $aReproduction of original in the British Library. 330 $aeebo-0018 606 $aSalvation$vEarly works to 1800 606 $aGod$xWrath$vEarly works to 1800 606 $aTheology, Doctrinal 615 0$aSalvation 615 0$aGod$xWrath 615 0$aTheology, Doctrinal. 700 $aHart$b John$0195672 801 0$bEAH 801 1$bEAH 801 2$bWaOLN 906 $aBOOK 912 $a996395933203316 996 $aThe burning bush not consumed$92317975 997 $aUNISA LEADER 01991nam a2200373 i 4500 001 991002949749707536 006 m o d 007 cr |n| 008 160721s2014 sz a ob 001 0 eng d 020 $a9783319031736 035 $ab14258912-39ule_inst 040 $aBibl. Dip.le Aggr. Matematica e Fisica - Sez. Matematica$beng 082 04$a515.9$223 084 $aAMS 30C65 084 $aAMS 46E35 084 $aAMS 74B20 084 $aLC QA360.H46 100 1 $aHencl, Stanislav$0523656 245 10$aLectures on mappings of finite distortion$h[e-book] /$cStanislav Hencl, Pekka Koskela 260 $aCham [Switzerland] :$bSpringer,$c2014 300 $a1 online resource (xi, 176 pages) 440 0$aLecture notes in mathematics,$x1617-9692 ;$v2096 504 $aIncludes bibliographical references (pages 169-173) and index 505 0 $aIntroduction ; Continuity ; Openness and discreteness ; Images and preimages of null sets ; Homeomorphisms of finite distortion ; Integrability of Jf and 1/Jf ; Final comments ; Appendix ; References 520 $aIn this book we introduce the class of mappings of finite distortion as a generalization of the class of mappings of bounded distortion. Connections with models of nonlinear elasticity are also discussed. We study continuity properties, behavior of our mappings on null sets, topological properties like openness and discreteness, regularity of the potential inverse mappings and many other aspects 650 0$aQuasiconformal mappings 650 0$aSobolev spaces 700 1 $aKoskela, Pekka$eauthor$4http://id.loc.gov/vocabulary/relators/aut$054744 856 40$uhttp://link.springer.com/book/10.1007/978-3-319-03173-6$zAn electronic book accessible through the World Wide Web 907 $a.b14258912$b03-03-22$c21-07-16 912 $a991002949749707536 996 $aLectures on mappings of finite distortion$9829098 997 $aUNISALENTO 998 $ale013$b21-07-16$cm$d@ $e-$feng$gsz $h0$i0